000 00928nam a22002537a 4500
008 090102t xxu||||| |||| 00| 0 eng d
010 _aENG-92339
020 _c100.00
035 _aEN-75872
037 _bDBAD / PUB
040 _adpl
_bEnglish
082 _a883.08
100 _aMaulik, Amitesh
245 _aThe immanent will in Thomas Hardy's world /
_cby Amitesh Maulik
260 _aKolkata
_bSishu Bharti International
_c2008
270 _a103C, Sitaram Ghosh Street
_bKolkata
_e700009
300 _a112p.
_c21cm (Hb)
500 _aIncludes bibliographical references
600 _aHardy, Thomas,1840-1928
_xCriticism and interpretation.
650 _aWill.
650 _aLife.
942 _2ddc
_cEN
_mMAU
_h883.08
999 _c20479
_d20479